000 00544nam a2200169Ia 4500
003 GCL
008 140319s9999 xx 000 0 ara d
040 _aGCL /
_cGCL
082 0 4 _a789.9
_bف د
100 1 _aفاروق محمد العامرى
245 1 0 _aالدوائر الالكترونية الموسيقية /
_cفاروق محمد العامرى
260 _a[S.N] :
_bالدار المصرية اللبنانية ،
_c1993
300 _a73 ص
490 _a
650 0 4 _aالموسيقى الالكترونية
942 _2ddc
_cBK
999 _c54877
_d54877